PHYSICAL REHABILITATION (Record no. 16983)
[ view plain ]
| 000 -LEADER | |
|---|---|
| fixed length control field | 00320nam a22001457a 4500 |
| 003 - CONTROL NUMBER IDENTIFIER | |
| control field | SGT |
| 020 ## - INTERNATIONAL STANDARD BOOK NUMBER | |
| International Standard Book Number | 978-93-5090-999-7 |
| 082 ## - DEWEY DECIMAL CLASSIFICATION NUMBER | |
| Classification number | 615.8 |
| Item number | P14S |
| 100 ## - MAIN ENTRY--PERSONAL NAME | |
| Personal name | SULLIVAN, SUSAN O' |
| 245 ## - TITLE STATEMENT | |
| Title | PHYSICAL REHABILITATION |
| 250 ## - EDITION STATEMENT | |
| Edition statement | 6TH |
| 260 ## - PUBLICATION, DISTRIBUTION, ETC. (IMPRINT) | |
| Place of publication, distribution, etc | INDIA |
| Name of publisher, distributor, etc | JAYPEE PUB |
| Year of Publication | 2014 |
| 300 ## - PAGE DESCRIPTION | |
| No. of Pages | 1505 |
| 942 ## - ADDED ENTRY ELEMENTS (KOHA) | |
| Source of classification or shelving scheme | Dewey Decimal Classification |
| Koha item type | Books |
| 942 ## - ADDED ENTRY ELEMENTS (KOHA) | |
| -- | 69 |
| Withdrawn status | Lost status | Source of classification or shelving scheme | Damaged status | Not for loan | Collection code | Home library | Current library | Shelving location | Date acquired | Vendor Name | Cost, normal purchase price | SGTU | Bill Number | Total Checkouts | Full call number | Accession No. (Barcode) | Checked out | Date last seen | Date last borrowed | Bill Date | Koha item type | Total Renewals |
|---|---|---|---|---|---|---|---|---|---|---|---|---|---|---|---|---|---|---|---|---|---|---|
| Dewey Decimal Classification | MEDICAL | SGT Medical Library | SGT Medical Library | Text Book | 22/02/2019 | ABC DELHI | 1995.00 | SGTU | 10441 | 33 | 615.8 P14S | FM11196 | 06/06/2026 | 23/05/2026 | 23/05/2026 | 20/12/2018 | Books | |||||
| Dewey Decimal Classification | MEDICAL | SGT Medical Library | SGT Medical Library | Text Book | 22/02/2019 | ABC DELHI | 1995.00 | SGTU | 10441 | 38 | 615.8 P14S | FM11197 | 29/05/2026 | 15/05/2026 | 15/05/2026 | 20/12/2018 | Books | 1 | ||||
| Dewey Decimal Classification | MEDICAL | SGT Medical Library | SGT Medical Library | Text Book | 22/02/2019 | ABC DELHI | 1995.00 | SGTU | 10441 | 27 | 615.8 P14S | FM11198 | 08/06/2026 | 25/05/2026 | 25/05/2026 | 20/12/2018 | Books | |||||
| Dewey Decimal Classification | MEDICAL | SGT Medical Library | SGT Medical Library | Text Book | 22/02/2019 | ABC DELHI | 1995.00 | SGTU | 10441 | 20 | 615.8 P14S | FM11199 | 03/02/2025 | 20/01/2025 | 20/12/2018 | Books | ||||||
| Dewey Decimal Classification | MEDICAL | SGT Medical Library | SGT Medical Library | Text Book | 22/02/2019 | ABC DELHI | 1995.00 | SGTU | 10441 | 32 | 615.8 P14S | FM11200 | 17/06/2026 | 03/06/2026 | 03/06/2026 | 20/12/2018 | Books |